000 00500nam a2200229Ia 4500
008 210210b1930 xxu||||| |||| 00| 0 eng d
041 _aeng
082 _a920/134
100 _a-
245 _aTransaction of the royal historical society Vol XIII
260 _aLondon
_b-
_c1930
650 _aXIII
650 _aVol
650 _aTransaction
650 _athe
650 _asociety
650 _aroyal
650 _aof
650 _ahistorical
690 _aHistory
906 _a024876
999 _c150496
_d150496